[Event "West Australia-ch op"]
[Site "Perth"]
[Date "2016.07.24"]
[Round "7"]
[White "Maris, Fred A"]
[Black "Rathnayake, Ramudu"]
[Result "0-1"]
[WhiteElo "1647"]
[BlackElo "1267"]
[PlyCount "68"]
[EventDate "2016.06.26"]
[EventType "swiss"]
[EventRounds "7"]
[EventCountry "AUS"]
[SourceTitle "EXT 2018"]
[Source "ChessBase"]
[SourceDate "2017.10.13"]
[SourceVersion "1"]
[SourceVersionDate "2017.10.13"]
[SourceQuality "1"]

1. e4 e5 2. Nf3 Nf6 3. Nxe5 d6 4. Nf3 Nxe4 5. d4 Be7 6. Bd3 Nf6 7. 0-0 0-0 8. h3 Be6 9. c4 c6 10. Ng5 Bd7 11. Qc2 g6 12. Nc3 Nh5 13. Nf3 Na6 14. a3 Qc8 15. Bh6 Re8 16. Ne4 Bxh3 17. gxh3 Qxh3 18. Nh2 f5 19. Ng5 Bxg5 20. Bxg5 f4 21. f3 Re3 22. Bxg6 Ng3 23. Rf2 Rf8 24. Bd3 h6 25. Bxf4 Rxf4 26. Bh7+ Kh8 27. Qg6 Rf8 28. Qxd6 Rf7 29. Bg6 Ne2+ 30. Kh1 Rfxf3 31. Rg2 Ng3+ 32. Kg1 Re2 33. Rxe2 Nxe2+ 34. Kh1 Rf2 0-1